• 首页
  • 本馆介绍
  • 公告通知
  • 最新文献
  • 馆藏检索
  • 电子资源
  • 读者导购
  • 参考咨询
  • 我的图书馆
  • 登录
  • 详细信息显示
  • 放入我的书架
  • 预约/预借图书
  • 作者相关作品
  • 分类相关作品
  • 丛书相关作品
  • 出版社相关作品

书目信息

  • 表格格式
  • 工作单格式
  • 卡片格式
题名:
顾颉刚全集
    
 
作者: 顾颉刚 著
分册: 下   顾颉刚民俗论文集
出版信息: 北京   中华书局  2011.01
页数: 611页
开本: 23cm
丛书名:
单 册:
中图分类: C52 , K890-53
科图分类:
主题词: 民俗学--文集 , 民俗学
电子资源:
ISBN: 978-7-101-07135-1
000 00950nam0 2200301 450
001 010050009171
005 20120626153652.31
010    @a978-7-101-07135-1@b精装@dCNY60.00
010    @dCNY120.00(全2册)
100    @a20110403d2011 em y0chiy50 ea
101 0  @achi
102    @aCN@b110000
105    @af z 000yy
106    @ar
200 1  @a顾颉刚全集@9gu jie gang quan ji@i顾颉刚民俗论文集@h下@f顾颉刚著
210    @a北京@c中华书局@d2011.01
215    @a611页@c照片@d23cm
300    @a国家出版基金项目
330    @a本书除收入《吴歌甲集》、《孟姜女故事研究集》、《妙峰山》三部专书外,还包括有关歌谣、风俗、民间文艺等的序跋与论述、探讨等。
600  0 @a顾颉刚@f(1893-1980)@j全集
600  0 @a顾颉刚@f(1893-1980)
606 0  @a民俗学@j文集
606 0  @a民俗学
690    @aC52@v4
690    @aK890-53@v4
701  0 @a顾颉刚@9gu jie gang@f(1893-1980)@4著
801  0 @aCN@bRENTIAN@c20110403
905    @b541172-76@dC52@e265:2@f5
    
    顾颉刚全集.顾颉刚民俗论文集.下/顾颉刚著.-北京:中华书局,2011.01
    611页:照片;23cm
    国家出版基金项目
    
    ISBN 978-7-101-07135-1(精装):CNY60.00
    本书除收入《吴歌甲集》、《孟姜女故事研究集》、《妙峰山》三部专书外,还包括有关歌谣、风俗、民间文艺等的序跋与论述、探讨等。
●
相关链接 在E读中查询图书 在五车中查询图书 在当当中查询图书 在豆瓣中查询图书


正题名:顾颉刚全集     索取号:C52/265:2         预约/预借

序号 登录号 条形码 馆藏地/架位号 状态 备注
1 541172   205411721   第一样本阅览室/ [索取号:C52/265:2] 在馆    
2 541173   205411730   第一借阅区/ [索取号:C52/265:2] 在馆    
3 541174   205411749   第一借阅区/ [索取号:C52/265:2] 在馆    
4 541175   205411758   第一借阅区/ [索取号:C52/265:2] 在馆    
5 541176   205411767   第一借阅区/ [索取号:C52/265:2] 在馆    
唐山师范学院图书馆 欢迎您!
大连网信软件有限公司© 版权所有